Score 0/12 Timer 02:30
0 Plays Today
% Correct
The Handmaid's Tale
97.6%
How I Met Your Mother
97.6%
Hannah Montana
97.6%
Hey Arnold!
97%
House
96.9%
Home Improvement
95.8%
Hogan's Heroes
95.4%
House of Cards
94%
Happy Days
91.9%
Hawaii Five-0
88.5%
Heroes
87%
Homeland
86.4%
Remove Ads.
Support Sporcle.
Get the best of Sporcle when you Go Orange. This ad-free experience offers more features, more stats, and more fun while also helping to support Sporcle. Thank you for becoming a member.

You're not logged in!

Compare scores with friends on all Sporcle quizzes.
OR
Log In

Show Comments

Extras

Top Quizzes Today


Score Distribution

Your Account Isn't Verified!

In order to create a playlist on Sporcle, you need to verify the email address you used during registration. Go to your Sporcle Settings to finish the process.

Report this User

Report this user for behavior that violates our Community Guidelines.

Details: